000 00809nam a2200253Ia 4500
003 OSt
005 20221005043011.0
006 a|||||r|||| 00| 0
007 ta
008 221004b |||||||| |||| 00| 0 eng d
020 _a9780748655861 (hbk)
_c5630.94
024 _a5217
037 _b37855, 31/05/2013, Segment Book Distributors
_cTextual
040 _aCRL
_cCRL
_beng
041 _2eng
_aeng
082 _aR853xN25:g, Q2
100 _aNail Thomas
_9591104
245 0 _aReturning to revolution
_b Deleuze, guattari and zapatismo
260 _aEdinburgh
_bEdinburgh University Press UK
_c2012
300 _axi, 202p.
_ccm.
650 _aPHILOSOPHY
942 _hR853xN25:g, Q2
_cTEXL
_2cc
999 _c951151
_d951151